| 000 | 00465nam a2200181Ia 4500 | ||
|---|---|---|---|
| 008 | 160319s9999 xx 000 0 und d | ||
| 020 | _a1571020748 | ||
| 050 | _aFic | ||
| 050 | _b.D548c 1996 | ||
| 100 | _aDickens, Charles | ||
| 245 | 2 | _aA Christmas Carol / | |
| 260 | _c1996 | ||
| 650 | _a Scrooge, Ebenezer (Fictitious character) -- | ||
| 650 | _aGhost stories. | ||
| 650 | _aMisers -- | ||
| 650 | _xJuvenile fiction. | ||
| 650 | _xJuvenile fiction. | ||
| 999 |
_c292079 _d292079 |
||